00840cam a22002411 4500001001300000003000400013005001700017008004100034010001700075035001900092040002700111042001200138050002500150082001100175100003400186245006800220260002000288300005500308410010100363500007300464504003400537650002700571gs 46000014 DLC20260227111351.0791024r1946uuuuokuabc b 000 0 eng  ags 46000014  a(OCoLC)5583062 aDLCcNmSoIdOCoLCdDLC apremarc00aTN24.N6bA235 no. 12 a553.281 aBates, Robert Latimer,d1912-10aFuture oil possibilities of New Mexico,cby Robert L. Bates ... a[Tulsa?]c1946. a[8] p.billus. (incl. port., map, diagrs.)c28 cm.10aNew Mexico.bSchool of Mines, Socorro. State Bureau of Mines and Mineral Resources. Circularv12 a"Reprinted from the Oil and gas journal, issue of February 2, 1946." a"Selected references": p. [8] 0aPetroleumzNew Mexico.